000 00253 a2200109 4500
001 68606
040 _cAnchieta - Itaigara
240 1 0 _aSe essa rua fosse minha
_l
245 1 0 _aSe essa rua fosse minha
650 4 _aLiteratura infanto-juvenil
942 _cMX
999 _c68606
_d68606